| 000 | 00715cam a22002411i 4500 | ||
|---|---|---|---|
| 001 | gs 16000471 | ||
| 003 | DLC | ||
| 005 | 20260227111319.0 | ||
| 008 | 800718s1916 enka b 000 0 eng | ||
| 010 | _ags 16000471 | ||
| 035 | _a(OCoLC)6528068 | ||
| 040 |
_aDLC _cNNM _dDLC |
||
| 042 | _apremarc | ||
| 043 | _ae-uk-en | ||
| 050 | 0 | 0 |
_aQE261 _b.H82 |
| 100 | 1 |
_aHughes, Thomas McKenney, _d1832-1917. |
|
| 245 | 1 | 4 |
_aThe gravels of East Anglia / _cby T. McKenny Hughes. |
| 260 |
_aCambridge : _bAt the University Press, _c1916. |
||
| 300 |
_a58 p. : _bill. ; _c22 cm. |
||
| 504 | _aIncludes bibliographical footnotes. | ||
| 650 | 0 |
_aGeology _zEngland _zEast Anglia. |
|
| 650 | 0 |
_aGeology, Stratigraphic _yTertiary. |
|
| 999 |
_c25678 _d25678 |
||